Is it possible to apply the same shear testing method for wood and wood composites?

Bibliographic Details
Main Author: Dubovský, Ján (Author)
Format: Article
Language:Slovak
English
PhysicalDescription:Obr. 6, tab. 3, res. nem., rus., slov., lit. 14 zázn. v angl., slov.
ISSN:0012-6136
Subjects:

MARC

LEADER 00000nab a2200000 a 4500
001 vtls000521542
003 SK-MaSNL
005 20260304084849.0
008 250425c1994 xo 0 slo
015 |a SNBRB19rr/mm-uuuuu 
035 |a CL0521680 
035 |a (urnnbn)urn:nbn:sk:snk:ar-003kb3 
035 |a (uuid)48be5fcc-3904-4b58-8243-25192c937839 
035 |a urn:nbn:sk:snk-ab7tfy 
040 |a SNKBUCL  |b slo  |c SNKBUCL  |e AACR2 
041 0 |a eng 
044 |a xo  |c SK 
080 |a 630 812:620.17:674-4  |2 1981 
080 |a 620.17  |2 1981 
080 |a 674-4  |2 1981 
100 1 |a Dubovský, Ján  |4 aut  |9 279785 
245 1 0 |a Is it possible to apply the same shear testing method for wood and wood composites?  |c Ján Dubovský 
300 |b Obr. 6, tab. 3, res. nem., rus., slov., lit. 14 zázn. v angl., slov. 
650 0 7 |a drevo  |2 snkbucl  |9 3560 
650 0 7 |a dosky drevotrieskové  |2 snkbucl  |9 928502 
650 0 7 |a preglejky  |2 snkbucl  |9 23891 
650 0 7 |a pevnosť v šmyku  |2 snkbucl  |9 661760 
655 7 |a články z novín a časopisov  |2 snkbucl  |9 267496 
773 0 |t Drevársky výskum  |g Roč. 39, č. 1-2 (1994), s. 39-49  |x 0012-6136 
850 |a Slovenská národná knižnica 
852 |a Slovenská národná knižnica 
958 |a article9 
958 |a NB 
958 |a RK 
958 |a OND 
958 |a EUIPO 
992 |a RBX 
999 |c 2805414  |d 2807344